| 000 | 00417nam a2200181Ia 4500 | ||
|---|---|---|---|
| 001 | 4008 | ||
| 005 | 20260306145724.0 | ||
| 008 | 260306t2017||||xx |||||||||||||| ||spa|| | ||
| 041 | _aESP | ||
| 082 |
_a306.4 _bT71 |
||
| 100 |
_aTono Martínez, José, _eAUT |
||
| 245 | 0 | _aLa gestión cultural | |
| 260 | _c2017 | ||
| 300 |
_a182 páginas : _c24 cm. |
||
| 650 | _aGEN | ||
| 654 | _aCHU | ||
| 942 |
_cLIB _dJUS _fJUS _2ddc _n |
||
| 999 |
_c4008 _d4008 |
||